| 000 | 00453pab a2200169 454500 | ||
|---|---|---|---|
| 008 | 180718b2008 xxu||||| |||| 00| 0 eng d | ||
| 100 | _aSekar, I. | ||
| 245 | _aEconometric analysis of farmers' participation in tank modernization: evidence from South India | ||
| 260 | _c2008 | ||
| 300 | _ap.555-62. | ||
| 362 | _aFeb | ||
| 650 | _aFarmers | ||
| 700 | _aRamasamy, C. | ||
| 773 | _aAgricultural Situation in India | ||
| 908 | _aN | ||
| 909 | _a80433 | ||
| 999 |
_c80433 _d80433 |
||